| 000 | 00729nam a22002057a 4500 | ||
|---|---|---|---|
| 999 |
_c16388 _d16388 |
||
| 003 | AR-CdUCM | ||
| 008 | 190225b ||||| |||| 00| 0 spa d | ||
| 040 |
_aMUNICIPALIDAD PROVINCIAL DEL CUSCO _cBIBLIOTECA MUNICIPAL DEL CUSCO |
||
| 082 |
_a939 / _bC81 |
||
| 100 |
_aContenau, Georges. _935808 |
||
| 245 | _aAntiguas civilizaciones del Asia anterior / | ||
| 260 |
_bEudeba, _c1961. _aArgentina : |
||
| 300 |
_a62 paginas ; _c25 cm. |
||
| 440 |
_aCuadernos de Eudeba. _n43 _935809 |
||
| 505 | _aContenido :Geografía --Pueblos de la antigua Asia anterior -- La religión -- Ciencia y letras -- Artes y técnicas ... | ||
| 650 |
_aArgetina. _935810 |
||
| 650 |
_aSiglo XX. _98 |
||
| 942 |
_2ddc _cLIBROS |
||
| 945 |
_arum _d2019-05-03 |
||